000 00336nam a2200133Ia 4500
008 240624s9999 xx 000 0 und d
041 _aeng
082 _a338.092 TOO
100 _aO TOOLE JAMES
245 _aENLIGHTENED CAPITALISTS CAUTIONARY TALES
260 _c2019
_aNew York
_bHarper Business
300 _a545 p.
365 _c
_b33
999 _c32625
_d32625